[Event "ROM-ch U16 Girls"]
[Site "Mamaia"]
[Date "2021.04.11"]
[Round "7"]
[White "Hejja, Irisz Hanna"]
[Black "Petrescu, Andreea"]
[Result "0-1"]
[WhiteElo "1611"]
[BlackElo "1558"]
[PlyCount "60"]
[EventDate "2021.04.07"]
[EventType "swiss"]
[EventRounds "9"]
[EventCountry "ROU"]
[SourceTitle "EXT 2022"]
[Source "ChessBase"]
[SourceDate "2021.10.06"]
[SourceVersion "1"]
[SourceVersionDate "2021.10.06"]
[SourceQuality "1"]

1. e4 d6 2. d4 Nf6 3. Nc3 Nbd7 4. f4 c6 5. Nf3 Qc7 6. Bc4 b5 7. Bb3 b4 8. Ng5 e6 9. Ne2 h6 10. e5 dxe5 11. dxe5 Nd5 12. Ne4 a5 13. Nd4 Ba6 14. Ba4 Bb7 15. Bb3 Ba6 16. Qg4 Nc5 17. Nxc5 Bxc5 18. Bxd5 cxd5 19. Nxe6 fxe6 20. Qxe6+ Be7 21. Qxd5 Rd8 22. Qe4 0-0 23. Be3 Bc5 24. e6 Bxe3 25. Qxe3 Rxf4 26. e7 Re8 27. Qe6+ Kh8 28. Qxa6 Qd7 29. Qd3 Rxe7+ 30. Kd2 Rd4 0-1

[Event "ROM-ch U16 Girls"]
[Site "Mamaia"]
[Date "2021.04.08"]
[Round "2"]
[White "Popa, Andra Maria"]
[Black "Petrescu, Andreea"]
[Result "1-0"]
[WhiteElo "1562"]
[BlackElo "1558"]
[PlyCount "57"]
[EventDate "2021.04.07"]
[EventType "swiss"]
[EventRounds "9"]
[EventCountry "ROU"]
[SourceTitle "EXT 2022"]
[Source "ChessBase"]
[SourceDate "2021.10.06"]
[SourceVersion "1"]
[SourceVersionDate "2021.10.06"]
[SourceQuality "1"]

1. d4 d5 2. Bf4 Nf6 3. Nf3 c5 4. e3 cxd4 5. exd4 a6 6. c3 Bg4 7. Be2 e6 8. Nbd2 Nc6 9. Ne5 Bxe2 10. Qxe2 Be7 11. Bg3 0-0 12. 0-0 Rc8 13. Rae1 Re8 14. f4 b5 15. a3 Na5 16. f5 exf5 17. Rxf5 Nc4 18. Ndxc4 bxc4 19. Ref1 Qb6 20. Bh4 Rcd8 21. g4 Rc8 22. Qg2 g6 23. Bxf6 Bxf6 24. Rxf6 Qa7 25. Rxf7 Qb6 26. Qh3 h5 27. gxh5 Rcd8 28. hxg6 Rxe5 29. Qh7# 1-0

[Event "ROM-ch U16 Girls"]
[Site "Mamaia"]
[Date "2021.04.07"]
[Round "1"]
[White "Petrescu, Andreea"]
[Black "Trifoi, Mihaela Ioana"]
[Result "0-1"]
[WhiteElo "1558"]
[BlackElo "1826"]
[PlyCount "86"]
[EventDate "2021.04.07"]
[EventType "swiss"]
[EventRounds "9"]
[EventCountry "ROU"]
[SourceTitle "EXT 2022"]
[Source "ChessBase"]
[SourceDate "2021.10.06"]
[SourceVersion "1"]
[SourceVersionDate "2021.10.06"]
[SourceQuality "1"]

1. d4 d5 2. Nf3 Nf6 3. Bf4 e6 4. e3 c5 5. c3 Nc6 6. Nbd2 Bd6 7. Bg3 0-0 8. Bd3 b6 9. Ne5 Bb7 10. f4 Ne7 11. Bf2 Ne4 12. g4 Nxf2 13. Kxf2 Bxe5 14. fxe5 f5 15. Kg2 Ng6 16. Rg1 Qg5 17. Qe2 cxd4 18. cxd4 Nh4+ 19. Kh1 f4 20. Rae1 fxe3 21. Qxe3 Qxe3 22. Rxe3 Rf7 23. Re2 Raf8 24. Rc1 Rf4 25. h3 Rxd4 26. Bb5 Rdf4 27. Bd7 d4+ 28. Kg1 Bd5 29. Bb5 Nf3+ 30. Nxf3 Rxf3 31. Rd2 Rxh3 32. Rg2 Bxg2 33. Kxg2 Re3 34. Bd7 Rxe5 35. Rd1 Re2+ 36. Kg3 e5 37. Be6+ Kh8 38. b4 Rff2 39. Bd5 g5 40. Bf3 Rxa2 41. Be4 Rfe2 42. Bd5 Re3+ 43. Bf3 e4 0-1

[Event "ROM-ch U14 Girls"]
[Site "Calimanesti Caciulata"]
[Date "2019.04.22"]
[Round "9"]
[White "Petrescu, Andreea"]
[Black "Schiopu, Oana Magdalena"]
[Result "1/2-1/2"]
[WhiteElo "1489"]
[BlackElo "1622"]
[PlyCount "232"]
[EventDate "2019.04.15"]
[EventType "swiss"]
[EventRounds "9"]
[EventCountry "ROU"]
[SourceTitle "CBM 190 Extra"]
[Source "ChessBase"]
[SourceDate "2019.07.15"]
[SourceVersion "1"]
[SourceVersionDate "2019.07.15"]
[SourceQuality "1"]

1. d4 Nf6 2. Nf3 e6 3. Bf4 b6 4. Nbd2 Bb7 5. e3 Be7 6. Bd3 Nh5 7. Bg3 Nxg3 8. hxg3 h6 9. e4 c5 10. c3 a6 11. Qe2 d6 12. c4 cxd4 13. Nxd4 Bf6 14. N2f3 Qc7 15. Rb1 Nd7 16. b4 b5 17. 0-0 bxc4 18. Bxc4 0-0 19. Bd3 Qb6 20. Nb3 Ne5 21. Nxe5 Bxe5 22. a3 Bxg3 23. Na5 Bh4 24. Kh1 Be7 25. f4 Bc8 26. e5 dxe5 27. Qe4 f5 28. Qxa8 e4 29. Qc6 Qd8 30. Bc4 Rf6 31. Bxa6 Bxa6 32. Qxa6 Qd2 33. Nc4 Qe2 34. Qc8+ Kh7 35. Ne5 Bd6 36. Qc3 Bxe5 37. fxe5 Rg6 38. Qh3 Rg5 39. Rbe1 Qb2 40. Kg1 Qxe5 41. Qe3 Rh5 42. g3 Rg5 43. Kg2 Kg6 44. a4 Qb2+ 45. Re2 Qxb4 46. Ra1 h5 47. Kh3 Qa5 48. Qb3 Qe5 49. Rf1 Rg4 50. Qe3 Qf6 51. Rf4 Rg5 52. a5 Qa1 53. Qd2 Qh1+ 54. Rh2 Qg1 55. Qg2 Qa1 56. Qd2 Qg1 57. Qf2 Qa1 58. Qb6 Qe1 59. Qxe6+ Kh7 60. Qb3 Qxa5 61. Qe3 Qe5 62. Kg2 Qb2+ 63. Rf2 Qf6 64. Rh3 Kg6 65. Kh2 Qd6 66. Rb2 Qd1 67. Rd2 Qf1 68. Qf4 Qe1 69. Kg2 e3 70. Rd6+ Kh7 71. Rh1 Qe2+ 72. Kh3 Qg4+ 73. Qxg4 Rxg4 74. Re1 Re4 75. Rd3 Kh6 76. Rdxe3 Ra4 77. Rf3 g6 78. Re6 Kg7 79. Rb6 Ra7 80. Rf4 Re7 81. Rf3 Ra7 82. Rfb3 Kh6 83. R3b5 Rf7 84. Rb4 Rd7 85. Rb3 Rc7 86. Rd6 Kg5 87. Rbb6 Rg7 88. Rd5 Rh7 89. Rb4 Re7 90. Rdb5 Kh6 91. Rb6 Rc7 92. Rd6 Kg5 93. Rbd4 Kh6 94. Rd8 Rc2 95. R4d7 Rb2 96. Rf7 Rb6 97. Rdf8 Kg5 98. Rg8 Ra6 99. Rgg7 Rb6 100. Rb7 Ra6 101. Rb8 Rc6 102. Rgb7 Rc3 103. Rb5 Rd3 104. Rc5 h4 105. Rb2 Rxg3+ 106. Kh2 Kg4 107. Rcc2 g5 108. Rg2 f4 109. Rbf2 h3 110. Rg1 Kh4 111. Rgf1 Kg4 112. Rd2 Kh4 113. Rdf2 Kg4 114. Rd2 Kf5 115. Rd4 Ra3 116. Rd5+ Kf6 1/2-1/2

[Event "ROM-ch U14 Girls"]
[Site "Calimanesti Caciulata"]
[Date "2019.04.18"]
[Round "5"]
[White "Petrescu, Andreea"]
[Black "Dragomir, Carmen Teodora"]
[Result "1-0"]
[WhiteElo "1489"]
[BlackElo "1399"]
[PlyCount "109"]
[EventDate "2019.04.15"]
[EventType "swiss"]
[EventRounds "9"]
[EventCountry "ROU"]
[SourceTitle "CBM 190 Extra"]
[Source "ChessBase"]
[SourceDate "2019.07.15"]
[SourceVersion "1"]
[SourceVersionDate "2019.07.15"]
[SourceQuality "1"]

1. d4 Nf6 2. Nf3 e6 3. c3 d5 4. Bf4 Bd6 5. e3 0-0 6. Bd3 c5 7. Bg3 a6 8. Nbd2 Re8 9. Ne5 Nc6 10. Ndf3 c4 11. Bc2 Qc7 12. a4 Ne4 13. Nxc6 Qxc6 14. Bxd6 Qxd6 15. Ne5 f6 16. Nxc4 dxc4 17. Bxe4 f5 18. Bf3 Qb6 19. Qc2 e5 20. Bd5+ Be6 21. Bxe6+ Qxe6 22. dxe5 Qxe5 23. 0-0 Re6 24. Qe2 Rc8 25. Qf3 Rh6 26. g3 Rc7 27. Rad1 Qf6 28. Qd5+ Rf7 29. Qxc4 Qe7 30. Qd5 Qf6 31. Qd8+ Rf8 32. Qc7 Qb6 33. Qc4+ Re6 34. b4 Kh8 35. Qd4 Qc7 36. c4 Re4 37. Qd6 Qxd6 38. Rxd6 Rxc4 39. Rb6 Rf7 40. Rd1 h6 41. a5 Rg4 42. Rd8+ Kh7 43. Rb8 f4 44. exf4 Rfxf4 45. R8xb7 Rc4 46. Rxa6 Rxb4 47. Rxb4 Rxb4 48. Kg2 Rb3 49. Rc6 Ra3 50. a6 h5 51. h3 Kg8 52. g4 hxg4 53. hxg4 Kf8 54. Rc8+ Kf7 55. Rc7+ 1-0

[Event "ROM-ch U14 Girls"]
[Site "Calimanesti Caciulata"]
[Date "2019.04.17"]
[Round "3"]
[White "Petrescu, Andreea"]
[Black "Obada, Ema"]
[Result "0-1"]
[WhiteElo "1489"]
[BlackElo "1865"]
[PlyCount "88"]
[EventDate "2019.04.15"]
[EventType "swiss"]
[EventRounds "9"]
[EventCountry "ROU"]
[SourceTitle "CBM 190 Extra"]
[Source "ChessBase"]
[SourceDate "2019.07.15"]
[SourceVersion "1"]
[SourceVersionDate "2019.07.15"]
[SourceQuality "1"]

1. d4 d5 2. Nf3 Nf6 3. Bf4 e6 4. e3 Bd6 5. Bg3 0-0 6. Bd3 b6 7. Nbd2 Bb7 8. c3 c5 9. Bxd6 Qxd6 10. Ne5 Nbd7 11. f4 Ne4 12. Qc2 Ndf6 13. 0-0 Nxd2 14. dxc5 Qxc5 15. Qxd2 Rad8 16. Rad1 Qe7 17. Qc2 Ne4 18. Qa4 Qc7 19. Bb5 a6 20. Bd3 f6 21. Nf3 b5 22. Qb3 Qe7 23. a4 Nc5 24. Qb4 bxa4 25. Bc2 Rb8 26. Nd4 Ba8 27. Qa3 Rfc8 28. Bxa4 Qb7 29. Rb1 Ne4 30. Rfd1 Rxc3 31. b3 Rxe3 32. Bc6 Qa7 33. Bxa8 Rxa8 34. Rbc1 Nc3 35. Kh1 Nxd1 36. Rxd1 Qxd4 37. Qc1 Qc3 38. Qb1 Qxb3 39. Qa1 Re2 40. Rg1 Qb2 41. Qa5 Qb5 42. Qc7 a5 43. Qe7 a4 44. Qa3 Qb2 0-1

[Event "ROM-ch U14 Girls"]
[Site "Calimanesti Caciulata"]
[Date "2019.04.17"]
[Round "4"]
[White "Virgolici, Diana Maria"]
[Black "Petrescu, Andreea"]
[Result "0-1"]
[WhiteElo "1176"]
[BlackElo "1489"]
[PlyCount "66"]
[EventDate "2019.04.15"]
[EventType "swiss"]
[EventRounds "9"]
[EventCountry "ROU"]
[SourceTitle "CBM 190 Extra"]
[Source "ChessBase"]
[SourceDate "2019.07.15"]
[SourceVersion "1"]
[SourceVersionDate "2019.07.15"]
[SourceQuality "1"]

1. e4 g6 2. d4 Bg7 3. Nc3 d6 4. f4 Nf6 5. h3 c6 6. Nf3 a6 7. Bd3 e6 8. 0-0 0-0 9. Bd2 Re8 10. Re1 b5 11. a3 c5 12. e5 dxe5 13. dxe5 Nd5 14. Be3 Qc7 15. Be4 Nxe3 16. Rxe3 Bb7 17. Bxb7 Qxb7 18. Ne4 Qc7 19. Qd6 Qxd6 20. Nxd6 Rd8 21. Rd1 h6 22. h4 Nc6 23. Ree1 Ne7 24. g4 Rab8 25. b3 Bf8 26. Ne4 Nd5 27. Nf6+ Kh8 28. Nxd5 exd5 29. e6 fxe6 30. Rxe6 Rd6 31. Rxd6 Bxd6 32. Rxd5 Bxf4 33. Rxc5 Be3+ 0-1

[Event "ROM-ch U12 Girls"]
[Site "Baile Felix"]
[Date "2017.02.02"]
[Round "1"]
[White "Petrescu, Andreea"]
[Black "Albescu, Andreea Monica"]
[Result "1-0"]
[WhiteElo "1359"]
[BlackElo "1111"]
[PlyCount "75"]
[EventDate "2017.02.02"]
[EventType "swiss"]
[EventRounds "9"]
[EventCountry "ROU"]
[SourceTitle "CBM 176 Extra"]
[Source "ChessBase"]
[SourceDate "2017.03.02"]
[SourceVersion "1"]
[SourceVersionDate "2017.03.02"]
[SourceQuality "1"]

1. e4 d5 2. exd5 Qxd5 3. Nc3 Qa5 4. d4 c6 5. Bc4 Nf6 6. Nf3 Bg4 7. h3 Bf5 8. Bd2 Qd8 9. 0-0 e6 10. Re1 Bb4 11. a3 Ba5 12. b4 Bc7 13. Bg5 Nbd7 14. Ne5 h6 15. Bh4 g5 16. Bg3 Nb6 17. Bb3 Qe7 18. Qe2 0-0-0 19. Rad1 h5 20. Na4 Nxa4 21. Bxa4 Rh7 22. Bxc6 Bxe5 23. Bxb7+ Qxb7 24. Bxe5 Nd5 25. Qc4+ Nc7 26. Bf6 Rg8 27. Be5 g4 28. h4 Rd8 29. a4 Rd7 30. Qc5 Rd8 31. b5 Kb8 32. a5 Ka8 33. Bxc7 Rc8 34. b6 axb6 35. axb6 f6 36. Ra1+ Qa6 37. Rxa6+ Kb7 38. Ra7# 1-0

[Event "ROM-ch U12 Girls"]
[Site "Calimanesti Caciulata"]
[Date "2016.04.24"]
[Round "8"]
[White "Petrescu, Andreea"]
[Black "Pop, Ioana Cecilia"]
[Result "1/2-1/2"]
[WhiteElo "1237"]
[BlackElo "1331"]
[PlyCount "93"]
[EventDate "2016.04.18"]
[EventType "swiss"]
[EventRounds "9"]
[EventCountry "ROU"]
[SourceTitle "CBM 172 Extra"]
[Source "ChessBase"]
[SourceDate "2016.06.21"]
[SourceVersion "1"]
[SourceVersionDate "2016.06.21"]
[SourceQuality "1"]

1. e4 c5 2. Nf3 Nf6 3. Nc3 g6 4. d4 cxd4 5. Nxd4 Bg7 6. Be3 0-0 7. Bc4 a6 8. Bb3 b5 9. f3 Bb7 10. 0-0 e6 11. a3 d5 12. exd5 Nxd5 13. Nxd5 Bxd5 14. Rb1 Nc6 15. Bxd5 Qxd5 16. Nxc6 Qxc6 17. Qe2 Rfd8 18. Rfd1 Rxd1+ 19. Qxd1 Qc7 20. Qe2 Rd8 21. Qf2 Qd6 22. c3 Qd3 23. Re1 Qc4 24. Qc2 Bd4 25. Bxd4 Rxd4 26. Re4 Rxe4 27. Qxe4 Qxe4 28. fxe4 Kg7 29. Kf2 Kf6 30. b3 Ke5 31. Ke3 f5 32. exf5 exf5 33. g3 g5 34. c4 f4+ 35. gxf4+ gxf4+ 36. Kf3 bxc4 37. bxc4 Kd4 38. c5 Kxc5 39. Kxf4 Kc4 40. Kg5 Kb3 41. Kh6 Kxa3 42. Kxh7 Kb3 43. h4 a5 44. h5 a4 45. h6 a3 46. Kg8 a2 47. h7 1/2-1/2

[Event "ROM-ch U12 Girls"]
[Site "Calimanesti Caciulata"]
[Date "2016.04.21"]
[Round "4"]
[White "Petrescu, Andreea"]
[Black "Hejja, Irisz Hanna"]
[Result "1/2-1/2"]
[WhiteElo "1237"]
[BlackElo "1444"]
[PlyCount "121"]
[EventDate "2016.04.18"]
[EventType "swiss"]
[EventRounds "9"]
[EventCountry "ROU"]
[SourceTitle "CBM 172 Extra"]
[Source "ChessBase"]
[SourceDate "2016.06.21"]
[SourceVersion "1"]
[SourceVersionDate "2016.06.21"]
[SourceQuality "1"]

1. e4 d5 2. exd5 Qxd5 3. Nc3 Qd6 4. d4 c6 5. Nf3 Bg4 6. Be3 Nd7 7. Be2 Ngf6 8. h3 Bh5 9. Qd2 e6 10. 0-0-0 Qc7 11. a3 Bd6 12. g4 Bg6 13. Bd3 0-0-0 14. Ng5 Nb6 15. Bxg6 hxg6 16. d5 Nfxd5 17. Nxd5 Nxd5 18. Ne4 Be5 19. Qe2 Nxe3 20. fxe3 Qb6 21. c3 Rd5 22. Rxd5 exd5 23. Ng5 Qc7 24. Nf3 Re8 25. Nxe5 Qxe5 26. Re1 Qg3 27. Qf1 Rxe3 28. Rxe3 Qxe3+ 29. Kb1 Qe4+ 30. Ka1 f6 31. Qg1 b6 32. Qg3 Qe5 33. Qh4 Qc7 34. Qh7 Qf7 35. Qh4 g5 36. Qh7 Kd7 37. Qf5+ Qe6 38. Qg6 Qe7 39. Qf5+ Kd8 40. Qf3 Qe4 41. Qg3 Qf4 42. Qd3 b5 43. Qe2 Qe4 44. Qh2 Qf4 45. Qe2 Kd7 46. Qg2 d4 47. cxd4 Qxd4 48. Qf3 Qd5 49. Qf1 a6 50. Qg1 c5 51. Qh2 Qd6 52. Qg2 Ke6 53. Qe4+ Qe5 54. Qc6+ Qd6 55. Qe8+ Kd5 56. Qe3 Kc6 57. Qe8+ Kb6 58. Qe2 Qe5 59. Qd2 Qd4 60. Qh2 Qf4 61. Qg1 1/2-1/2

[Event "ROM-ch U10 Girls"]
[Site "Calimanesti"]
[Date "2014.04.13"]
[Round "9"]
[White "Moldovan, Andrada"]
[Black "Petrescu, Andreea"]
[Result "1-0"]
[WhiteElo "1267"]
[BlackElo "1001"]
[PlyCount "89"]
[EventDate "2014.04.06"]
[EventType "swiss"]
[EventRounds "9"]
[EventCountry "ROU"]
[SourceTitle "CBM 160 Extra"]
[Source "ChessBase"]
[SourceDate "2014.07.01"]
[SourceVersion "1"]
[SourceVersionDate "2014.07.01"]
[SourceQuality "1"]

1. e4 e5 2. Nf3 Nc6 3. Nc3 Nf6 4. a3 Be7 5. Bb5 d6 6. 0-0 0-0 7. Bxc6 bxc6 8. d4 Ba6 9. Re1 Qb8 10. dxe5 dxe5 11. Nxe5 Rd8 12. Qf3 Qc8 13. Nxc6 Re8 14. Nxe7+ Rxe7 15. Bg5 Re6 16. Rad1 Bb7 17. Nd5 h6 18. Bxf6 Bxd5 19. Rxd5 Rxf6 20. Qc3 Re6 21. Re3 Qe8 22. Rg3 Qf8 23. Qxc7 Rxe4 24. Re3 Ra4 25. Ra5 Rd4 26. Kf1 Rc8 27. Qxa7 Rcc4 28. c3 Qd6 29. g3 Qc6 30. f3 Rd8 31. Rf5 Qg6 32. Rfe5 Rd1+ 33. Kf2 Rd2+ 34. Re2 Rxe2+ 35. Rxe2 Qh5 36. h4 Rc8 37. Qd7 Rf8 38. b4 f6 39. a4 f5 40. Qd5+ Qf7 41. Qxf7+ Rxf7 42. c4 f4 43. c5 fxg3+ 44. Kxg3 Rb7 45. b5 1-0

[Event "ROM-ch U10 Girls"]
[Site "Calimanesti"]
[Date "2014.04.11"]
[Round "7"]
[White "Petrescu, Andreea"]
[Black "Iancu, Alexandra Valeria"]
[Result "1-0"]
[WhiteElo "1001"]
[BlackElo "1077"]
[PlyCount "103"]
[EventDate "2014.04.06"]
[EventType "swiss"]
[EventRounds "9"]
[EventCountry "ROU"]
[SourceTitle "CBM 160 Extra"]
[Source "ChessBase"]
[SourceDate "2014.07.01"]
[SourceVersion "1"]
[SourceVersionDate "2014.07.01"]
[SourceQuality "1"]

1. e4 e5 2. Nf3 Nc6 3. Nc3 Nf6 4. Bc4 Bc5 5. 0-0 0-0 6. d3 h6 7. h3 d6 8. Be3 Bb6 9. Bxb6 axb6 10. Qd2 Be6 11. Bb5 Na5 12. b4 c6 13. bxa5 cxb5 14. Nxb5 bxa5 15. Nc3 Qd7 16. Ne2 Rfe8 17. Ng3 Kh7 18. Rfe1 Rec8 19. c4 b5 20. Rac1 bxc4 21. dxc4 Bxc4 22. Qd1 Qe7 23. a4 Rab8 24. Nd2 Ba6 25. Nf3 d5 26. exd5 Nxd5 27. Rxe5 Nc3 28. Rxc3 Qb4 29. Qc2+ Bd3 30. Qxd3+ Qe4 31. Qxe4+ Kg8 32. Rcc5 Rd8 33. Kh2 f6 34. Red5 Re8 35. Qc4 Kh8 36. Rxa5 Rbc8 37. Rac5 Rb8 38. a5 Ra8 39. Rd7 Rg8 40. Nf5 Rab8 41. Ne7 Rge8 42. Rc8 Rbxc8 43. Nxc8 Rf8 44. Nh4 Re8 45. a6 Kh7 46. a7 Kh8 47. a8Q Kh7 48. Nb6 Rxa8 49. Nxa8 Kh8 50. Rd8+ Kh7 51. Qe4+ g6 52. Qxg6# 1-0

[Event "ROM-ch U10 Girls"]
[Site "Calimanesti"]
[Date "2014.04.09"]
[Round "5"]
[White "Patru, Alexandra Ioana"]
[Black "Petrescu, Andreea"]
[Result "1/2-1/2"]
[WhiteElo "1262"]
[BlackElo "1001"]
[PlyCount "43"]
[EventDate "2014.04.06"]
[EventType "swiss"]
[EventRounds "9"]
[EventCountry "ROU"]
[SourceTitle "CBM 160 Extra"]
[Source "ChessBase"]
[SourceDate "2014.07.01"]
[SourceVersion "1"]
[SourceVersionDate "2014.07.01"]
[SourceQuality "1"]

1. e4 e5 2. Nf3 Nc6 3. d4 exd4 4. Bc4 d6 5. c3 d3 6. Qxd3 Nf6 7. 0-0 Be7 8. Be3 0-0 9. Rd1 Bg4 10. Nbd2 Bxf3 11. Nxf3 h6 12. Qc2 a6 13. e5 Ng4 14. Bd5 Ncxe5 15. Nxe5 Nxe5 16. Bxb7 Rb8 17. Bxa6 Ng4 18. Re1 Bg5 19. Bxg5 Qxg5 20. h3 Ne5 21. Re3 Rfe8 22. Be2 1/2-1/2

[Event "ROM-ch U10 Girls"]
[Site "Calimanesti"]
[Date "2014.04.09"]
[Round "4"]
[White "Petrescu, Andreea"]
[Black "Pomirleanu, Daniela Elena"]
[Result "0-1"]
[WhiteElo "1001"]
[BlackElo "1068"]
[PlyCount "48"]
[EventDate "2014.04.06"]
[EventType "swiss"]
[EventRounds "9"]
[EventCountry "ROU"]
[SourceTitle "CBM 160 Extra"]
[Source "ChessBase"]
[SourceDate "2014.07.01"]
[SourceVersion "1"]
[SourceVersionDate "2014.07.01"]
[SourceQuality "1"]

1. e4 c6 2. d4 d5 3. exd5 cxd5 4. Nc3 Nf6 5. Nf3 Bg4 6. Be2 Nc6 7. 0-0 e6 8. Bg5 Be7 9. Bf4 Bd6 10. Bxd6 Qxd6 11. Bb5 0-0 12. Bxc6 bxc6 13. Re1 Qb4 14. Rb1 Bxf3 15. Qxf3 Qxd4 16. Rbd1 Qg4 17. Qe3 Rfd8 18. Rd4 Qg6 19. Re2 c5 20. Rd3 d4 21. Qf3 dxc3 22. Rxd8+ Rxd8 23. bxc3 Rd1+ 24. Re1 Rxe1# 0-1

[Event "ROM-ch U10 Girls"]
[Site "Calimanesti"]
[Date "2014.04.07"]
[Round "2"]
[White "Petrescu, Andreea"]
[Black "Marin, Alexia Iuliana"]
[Result "0-1"]
[WhiteElo "1001"]
[BlackElo "1232"]
[PlyCount "44"]
[EventDate "2014.04.06"]
[EventType "swiss"]
[EventRounds "9"]
[EventCountry "ROU"]
[SourceTitle "CBM 160 Extra"]
[Source "ChessBase"]
[SourceDate "2014.07.01"]
[SourceVersion "1"]
[SourceVersionDate "2014.07.01"]
[SourceQuality "1"]

1. e4 e5 2. Nf3 Nc6 3. Nc3 Bc5 4. Bc4 Nf6 5. 0-0 0-0 6. d3 h6 7. Be3 Bb6 8. h3 d6 9. a3 Ne7 10. b4 Ng6 11. Ne2 a6 12. Ng3 Ba7 13. Bxa7 Rxa7 14. Qe2 c6 15. Bb3 Ra8 16. a4 d5 17. Rad1 Be6 18. c4 Qd7 19. Kh2 Nf4 20. Qd2 Bxh3 21. gxh3 Qxh3+ 22. Kg1 Qg2# 0-1